Biblioteca
Vista normal Vista MARC
  • Bernal Trujillo, Marta Inés

Entrada Autor personal

Número de registros utilizados en: 2

001 - NUMERO DE CONTROL

  • Campo de control: 3516

003 - IDENTIFICADOR DE NUMERO DE CONTROL

  • Campo de control: CO-MdFUSB

005 - HORA Y FECHA DE LA ULTIMA TRANSACCIÓN

  • Campo de control: 20200506101546.0

008 - CAMPO DE LONGITUD FIJA

  • Campo fijo de descripción fija: 200506|| aca||aabn | a|a d

040 ## - AGENCIA DE CATALOGACIÓN ORIGINAL

  • Lenguaje de catalogación: spa
  • Agencia que hace la transcripción: CO-MdFUSB

100 ## - AUTOR PERSONAL

  • Autor personal: Bernal Trujillo, Marta Inés

370 ## - LUGARES ASOCIADOS

  • Lugar de nacimiento: Medellín
  • País asociado: Colombia

372 ## - FIELD OF ACTIVITY

  • Campo de actividad: Trabajadora social
  • Campo de actividad: Copilador
  • Campo de actividad: Gerente en recursos humanos

374 ## - OCUPACIÓN

  • Ocupación: Trabajadora social
  • Ocupación: Copilador
  • Ocupación: Gerente en recursos humanos

375 ## - GENERO

  • Género: femenino

377 ## - IDIOMA ASOCIADO

  • Código del idioma: spa

Biblioteca FUSBC | Teléfono: (57+4) 349 88 10 Ext. 141| WhatsApp (+57) 3005338115 
E-mail: biblioteca@unisbc.edu.co | Calle 76 87-14 Robledo Palenque, Medellín, Colombia

Con tecnología Koha